| 000 | 00894 a2200181 4500 | ||
|---|---|---|---|
| 003 | NUST | ||
| 005 | 20230202125707.0 | ||
| 020 | _a9694130670 | ||
| 040 | _cNust | ||
| 082 | _a954,NAT | ||
| 245 |
_aQuaid-i-Azam Mohammad Ali jinnah The Nation's Voice Towards (Vol-I to Vol-VII) / _cEditor : Waheed Ahmad |
||
| 260 |
_aKarachi _bQuaid-i- Azam Academy _c1992 |
||
| 300 | _a1066:p. | ||
| 440 | _v,II,III,IV,V,VI | ||
| 505 | _a Vol. 1: 1935 (Page-1), 1936 (Page-12), 1937 (Page-103), 1938 (Page-211), 1939 (Page-337), 1940 (Page-432), Vol .II: 1940 (Page-1), 1941 (Page-123), 1942 (Page-355), Vol .III : 1942 (Page-1), 1943 (Page-138), 1944 (Page-364 ), Vol. IV : 1944 (Page-1), 1945 (Page-32), 1946 (Page-365), Vol. V : 1946 (Page-1), 1947 (Page-508), Vol.VI : 1947 (Page-1), Vol.VII : 1947 (Page-1), 1948 (Page-136). | ||
| 650 |
_aQuaid-i- Azam _9108479 |
||
| 942 |
_2ddc _cBK _k954,NAT |
||
| 999 |
_c187329 _d187329 |
||